Rural/urban residence, migration, HIV/AIDS, and safe sex practices among men in Zimbabwe (Record no. 71026)

000 -LEADER
fixed length control field 00536pab a2200193 454500
008 - FIXED-LENGTH DATA ELEMENTS--GENERAL INFORMATION
fixed length control field 180718b2006 xxu||||| |||| 00| 0 eng d
100 ## - MAIN ENTRY--PERSONAL NAME
Personal name Sambisa, William
245 ## - TITLE STATEMENT
Title Rural/urban residence, migration, HIV/AIDS, and safe sex practices among men in Zimbabwe
260 ## - PUBLICATION, DISTRIBUTION, ETC.
Date of publication, distribution, etc. 2006
300 ## - PHYSICAL DESCRIPTION
Extent p.183-211.
362 ## - DATES OF PUBLICATION AND/OR SEQUENTIAL DESIGNATION
Dates of publication and/or sequential designation Jun
650 ## - SUBJECT ADDED ENTRY--TOPICAL TERM
Topical term or geographic name entry element Sexual behaviour - Zimbabwe
650 ## - SUBJECT ADDED ENTRY--TOPICAL TERM
Topical term or geographic name entry element Migration - Zimbabwe
650 ## - SUBJECT ADDED ENTRY--TOPICAL TERM
Topical term or geographic name entry element AIDS - Zimbabwe
650 ## - SUBJECT ADDED ENTRY--TOPICAL TERM
Topical term or geographic name entry element AIDS
700 ## - ADDED ENTRY--PERSONAL NAME
Personal name Stokes, C. Shannon
773 ## - HOST ITEM ENTRY
Main entry heading Rural Sociology
909 ## -
-- 71026
Holdings
Withdrawn status Lost status Damaged status Not for loan Permanent Location Current Location Date acquired Serial Enumeration / chronology Barcode Date last seen Price effective from Koha item type
        Indian Institute of Public Administration Indian Institute of Public Administration 2018-07-19 Volume no: 71, Issue no: 2 AR71486 2018-07-19 2018-07-19 Articles

Powered by Koha